Zmeny vo financovaní škôl a školských zariadení od 1.1.2018
Financovanie základných škôl, stredných škôl a školských zariadení (školské zariadenia v zriaďovateľskej pôsobnosti okresných úradov v sídle kraja) sa uskutočňuje podľa zákona č. 597/2003 Z. z. v znení neskorších predpisov. Financovanie základných umeleckých škôl, jazykových škôl, materských škôl a...
Saved in:
| Main Author: | |
|---|---|
| Format: | Book Chapter |
| Language: | Slovak |
| Subjects: | |
| Tags: |
No Tags, Be the first to tag this record!
|
MARC
| LEADER | 00000naa a2200000 4500 | ||
|---|---|---|---|
| 001 | 0243911 | ||
| 005 | 20180607093141.0 | ||
| 041 | 0 | |a slo | |
| 044 | |a SK | ||
| 245 | 1 | 0 | |a Zmeny vo financovaní škôl a školských zariadení od 1.1.2018 |c Ján Matula |
| 520 | |a Financovanie základných škôl, stredných škôl a školských zariadení (školské zariadenia v zriaďovateľskej pôsobnosti okresných úradov v sídle kraja) sa uskutočňuje podľa zákona č. 597/2003 Z. z. v znení neskorších predpisov. Financovanie základných umeleckých škôl, jazykových škôl, materských škôl a školských zariadení v zriaďovateľskej pôsobností obcí, vyšších územných celkov, štátom uznanej cirkvi a inej právnickej alebo fyzickej osoby sa uskutočňuje z výnosu dane z príjmov územnej samospráve. Zmeny, ktoré nastali vo financovaní od 1. januára 2018. | ||
| 610 | 2 | 0 | |a školstvo |
| 610 | 2 | 0 | |a školy |
| 610 | 2 | 0 | |a zariadenia školské |
| 610 | 2 | 0 | |a financovanie |
| 610 | 2 | 0 | |a financie |
| 610 | 2 | 0 | |a legislatíva |
| 610 | 2 | 0 | |a novelizácia |
| 100 | 1 | |a Matula, Ján | |